| 000 | 00658nam a2200193 a 4500 | ||
|---|---|---|---|
| 003 | PILC | ||
| 005 | 20160304084005.0 | ||
| 008 | 091207s19uu xx 00 eng d | ||
| 020 | _a9780415776226 | ||
| 050 |
_aG 156.5.H47 _b.C853 2009 |
||
| 245 |
_aCultural heritage and tourism in the developing world : _ba regional perspective / _cedited by Dallen J. TImothy and Gyan P. Nyaupane. |
||
| 260 |
_aLondon : _bRoutledge, _c2009. |
||
| 300 |
_a260 pages ; _c24 cm. |
||
| 500 | _aIncludes bibliographical references and index. | ||
| 650 |
_aHeritage Tourism _xDeveloping countries. |
||
| 700 | _aNyaupane, Gyan P. | ||
| 942 |
_cBK _2lcc _kFOR |
||
| 999 |
_c23761 _d23761 |
||